000 00547nam a2200205 a 4500
001 13767
003 CO-ViMGA
008 141112s2004 ck r 000 u spa d
020 _a9580515268
040 _aCO-ViMGA
_bspa
_cCO-ViMGA
082 0 4 _aPERp2
100 1 _aPerrault, Charles
_94835
245 1 0 _aPulgarcito
260 _aSantafé de Bogotá :
_bEducar Cultural y Recreativa,
_c1999
300 _a24
490 _aCuentos para soñar
590 _aForma de adquisición : Compra
650 1 4 _aCUENTOS INFANTILES
_92743
942 _2ddc
_cBK
999 _c24478
_d24478